Estatísticas para Cultura Geral

Clique aqui para jogar o quiz

Estatísticas Gerais

  • Esse quiz foi jogado 49 vezes
  • A pontuação média é 9 de 15

Estatísticas das Respostas

HintResposta% Correto
Que nome damos á segunda refeição do dia?Almoço
95%
Que nome damos á primeira refeição do dia?Pequeno-almoço
95%
Que estimulante pode ser encontrado no café?Cafeína
93%
Que nome damos ao período do dia que vai das 6:00 da manhã até ao 12:00?Manhã
91%
Que nome damos á última refeição do dia?Jantar
89%
Que nome damos ao período do dia que vai do meio-dia ao pôr-do-sol?Tarde
89%
Em que país podemos encontrar a cidade de Luanda?Angola
80%
Que nome damos ao ramo de conhecimento que abrange a culinária, as bebidas, os materiais usados na alimentação e, em geral, todos os aspectos culturais a ela associado?Gastronomia
64%
Que nome damos á refeição leve feita ao fim da noite, feita antes de se ir dormir e depois do jantar?Ceia
59%
Em que país podemos encontrar a cidade deNovosibirsk?Rússia
41%
Que nome damos a um grupo de pessoas com semelhanças culturais e/ou biológicas?Etnia
25%
Em que país podemos encontrar o Palácio de Topkapı?Turquia
23%
Que nome damos a um conjunto de substâncias alimentares que se comem e se bebem para manter as funções vitais do indivíduo?Refeição
18%
Que nome damos á carne de bezerros?Vitela
18%
Qual é a cidade do mundo com mais edifícios com mais de 1,50 metros de altura?Hong Kong
5%

Distribuição das Pontuações

Percentil de Números Respondidos

Porcentagem de Pessoas com Cada Pontuação

Sua Pontuação Histórica

Você não jogou esse quiz